Report of the third session fo the caribbean development and co-operation committee
Збережено в:
| Співавтор: | |
|---|---|
| Формат: | Текст |
| Опубліковано: |
Belice:
CEPAL
|
| Теги: |
Додати тег
Немає тегів, Будьте першим, хто поставить тег для цього запису!
|
MARC
| LEADER | 00000 a a2200000 04500 | ||
|---|---|---|---|
| 001 | 24141 | ||
| 003 | |||
| 040 | |||
| 090 | |a 170900 | ||
| 110 | |a CEPAL | ||
| 245 | |a Report of the third session fo the caribbean development and co-operation committee | ||
| 260 | |a Belice: |b CEPAL | ||
| 300 | |a iv, 77 p. | ||
| 999 | |c 13307 |d 13307 | ||
